Historical Capitals in India - Map Quiz - Statistics

General Stats
  • This quiz has been taken 66 times
  • The average score is 12 of 23
Answers on the Map
Answers color-coded by a green-red scale on the quiz's map according to % correct below.
 
Answer Stats
Answer % Correct
Hyderabad
73%
Agra
71%
Ahmedabad
71%
Mysore
71%
Srinagar
71%
Pune
67%
Patna
65%
Varanasi
63%
Madurai
54%
Cuttack
50%
Gangtok
50%
Tiruchirappalli
50%
Aurangabad
46%
Ujjain
46%
Thanjavur
44%
Bijapur
42%
Jorhat
42%
Gaur
40%
Kannauj
35%
Kanchipuram
33%
Bidar
31%
Mathura
27%
Vellore
25%
No matching quizzes found
Score Distribution
Percent of People with Each Score
Percentile by Number Answered
Your Score History
You have not taken this quiz